000 00741nam a22002657a 4500
003 BD-DhJNU
005 20251009074240.0
008 251009b |||||||| |||| 00| 0 eng d
020 _a9789393168863
040 _aBD-DhJNU
_bENG
_cBD-DhJNU
_dBD-DhJNU
082 _223
_a579 PEL
100 _aPelczar, Micheal J.
245 _aPelczar's Microbiology /
_cMicheal J. Pelczar...[et. al.].
250 _a6th ed.
260 _aNew Delhi :
_bMed Tech Science Press,
_c2024.
300 _axi, 924p. :
_bill. ;
_c25 cm.
504 _aIncludes index
650 _aPure Sciences
650 _aBiology
650 _aMicrobiology
700 _aChain, E. C. S.
700 _aKrieg, Noel R.
700 _aAneja, K. R.
942 _2ddc
_cBK
_n0
999 _c2226
_d2226